Kompresia rečových signálov pomocou LPC

Enregistré dans:
Détails bibliographiques
Auteur principal: Ertinger, Jozef (Auteur)
Autres auteurs: Kačur, Juraj, 1976- (Directeur de thèse)
Format: Manuscrit Livre
Langue:slovaque
Publié: Bratislava : STU v Bratislave FEI, 2001
Sujets:
Tags: Ajouter un tag
Pas de tags, Soyez le premier à ajouter un tag!

MARC

LEADER 00000ntm a22000003a 4500
001 stu73705
005 20160719164808.2
008 020207s2001------------------------slo-d
040 |a STU  |b slo 
041 0 |a slo 
100 1 |a Ertinger, Jozef  |4 aut 
245 1 |a Kompresia rečových signálov pomocou LPC 
260 |a Bratislava :  |b STU v Bratislave FEI,  |c 2001 
300 |a 86 s 
650 7 |a informatika  |2 stusub 
700 1 |a Kačur, Juraj,  |d 1976-  |4 ths  |u E070  |U FEI Fakulta elektrotechniky a informatiky  |T FEI Ústav telekomunikácií  |X 1861  |U E070  |Y 818  |7 A000001861